|
|
|
|
| LEADER |
00000nam a22000007a 4500 |
| 005 |
20210421235219.0 |
| 007 |
cr|||| |||| |
| 008 |
210421s2021 es |||||s|||| 00||0 spa d |
| 020 |
|
|
|a 978-84-122723-1-4
|
| 035 |
|
|
|a 33274
|
| 040 |
|
|
|a vLex
|
| 090 |
|
|
|c 11500
|d 11500
|
| 100 |
1 |
|
|a Přez Daud,̕ Vicente
|
| 245 |
1 |
0 |
|a Clùsula Rebus Sic Stantibus
|h [Recurso electrn̤ico] /
|c Vicente Přez Daud,̕ Jess︢ Sǹchez Garca̕
|
| 256 |
|
|
|a Servicio en ln̕ea
|
| 260 |
|
|
|a Barcelona:
|b Editorial vLex,
|c 2021
|
| 300 |
|
|
|a 1 recurso electrn̤ico
|
| 506 |
1 |
|
|a Disponible solo en los productos indicados
|d vLex Global
|d vLex Global (Academic Edition, excluding Law Schools)
|d vLex Global (U.S. Academic Edition, Law Schools)
|d vLex Global (U.S. Academic Edition, excluding Law Schools)
|d vLex Global (Academic Edition, Law Schools)
|
| 650 |
0 |
4 |
|a Derecho Pb︢lico y Administrativo
|z Espaą
|
| 700 |
1 |
|
|a Sǹchez Garca̕, Jess︢
|
| 740 |
0 |
|
|a vLex Libros (Servicio en ln̕ea)
|
| 856 |
4 |
0 |
|u https://vlex.com/source/clausula-rebus-sic-stantibus-33274
|z Acceso restringido
|
| 942 |
|
|
|c BOOK
|
| 999 |
0 |
|
|a Public and Administrative Law
|